| 000 | 00804nam a22001935i 4500 | ||
|---|---|---|---|
| 001 | 157392 | ||
| 003 | ES-MaACL | ||
| 005 | 20230906210655.0 | ||
| 008 | 040823s1841 mx |||| | nah d | ||
| 040 |
_aCAM _bspa _cCAM |
||
| 245 | 0 | 0 |
_aLecciones espirituales para las tandas de Ejercicios de S. Ignacio, dadas a los indios en el idioma mexicano / _ccompuestas por un sacerdote del Obispado de la Puebla de los Ángeles. |
| 260 |
_aPuebla : _b[s.n.], _c1841 ( _fImp. Antigua en el Portal de las flores) |
||
| 300 |
_a213 p. ; _c15 cm. |
||
| 594 | _aPrólogo, "firmado": J.J.P. | ||
| 600 | 0 | 4 |
_aIgnacio de Loyola _c, Santo. _965147 |
| 650 | 0 | 4 |
_aEjercicios espirituales. _912133 |
| 650 | 4 |
_aIndios de México- _xLenguas. _913697 |
|
| 852 |
_aES-MaACL _jZ-247 _xOlim: G-1395 _z-- Enc. pasta española |
||
| 999 |
_c157392 _d157392 |
||